Pluralismo religioso: da motivo di conflitto a speranza di pace
| Main Author: | |
|---|---|
| Format: | Print Article |
| Language: | Italian |
| Check availability: | HBZ Gateway |
| Interlibrary Loan: | Interlibrary Loan for the Fachinformationsdienste (Specialized Information Services in Germany) |
| Published: |
2001
|
| In: |
Conflitti violenza pace
Year: 2001, Pages: 23-40 |
| Further subjects: | B
Theology
B Dialogue B Pluralism B World Religions B Weltreligionen B peace idea / concept of peace B Christianity B Friedensvorstellung |
MARC
| LEADER | 00000caa a22000002c 4500 | ||
|---|---|---|---|
| 001 | 1534954740 | ||
| 003 | DE-627 | ||
| 005 | 20240613173115.0 | ||
| 007 | tu | ||
| 008 | 160405s2001 xx ||||| 00| ||ita c | ||
| 020 | |a 8876109153 | ||
| 035 | |a (DE-627)1534954740 | ||
| 035 | |a (DE-576)464954746 | ||
| 035 | |a (DE-599)BSZ464954746 | ||
| 040 | |a DE-627 |b ger |c DE-627 |e rakwb | ||
| 041 | |a ita | ||
| 084 | |a 1 |a 0 |2 ssgn | ||
| 100 | 1 | |0 (DE-588)172350077 |0 (DE-627)704727188 |0 (DE-576)165001984 |4 aut |a Ruggieri, Giuseppe |d 1940- | |
| 109 | |a Ruggieri, Giuseppe 1940- |a Ruggieri, G. 1940- | ||
| 245 | 1 | 0 | |a Pluralismo religioso |b da motivo di conflitto a speranza di pace |c Giuseppe Ruggieri |
| 264 | 1 | |c 2001 | |
| 336 | |a Text |b txt |2 rdacontent | ||
| 337 | |a ohne Hilfsmittel zu benutzen |b n |2 rdamedia | ||
| 338 | |a Band |b nc |2 rdacarrier | ||
| 650 | 4 | |a Pluralismus | |
| 650 | 4 | |a Dialog | |
| 650 | 4 | |a Christentum | |
| 650 | 4 | |a Weltreligionen | |
| 650 | 4 | |a Friedensvorstellung | |
| 650 | 4 | |a Theologie | |
| 650 | 4 | |a Pluralism | |
| 650 | 4 | |a Dialogue | |
| 650 | 4 | |a Christianity | |
| 650 | 4 | |a World Religions | |
| 650 | 4 | |a concept of peace/peace idea | |
| 650 | 4 | |a Theology | |
| 773 | 0 | 8 | |i In |t Conflitti violenza pace |d Milano : Àncora, 2001 |g (2001), S. 23-40 |h 252 S. |w (DE-627)1626974225 |w (DE-576)099822970 |z 8876109153 |7 nnam |
| 773 | 1 | 8 | |g year:2001 |g pages:23-40 |
| 889 | |w (DE-627)597317747 | ||
| 935 | |a mteo | ||
| 935 | |i mdedup | ||
| 951 | |a AR | ||
| ELC | |b 1 | ||
| ITA | |a 1 |t 1 | ||
| LOK | |0 000 xxxxxcx a22 zn 4500 | ||
| LOK | |0 001 2914203918 | ||
| LOK | |0 003 DE-627 | ||
| LOK | |0 004 1534954740 | ||
| LOK | |0 005 20160405122002 | ||
| LOK | |0 008 160404||||||||||||||||ger||||||| | ||
| LOK | |0 040 |a DE-Tue135 |c DE-627 |d DE-Tue135 | ||
| LOK | |0 092 |o n | ||
| LOK | |0 852 |a DE-Tue135 | ||
| LOK | |0 852 1 |9 00 | ||
| LOK | |0 935 |a ixko |a ixmi | ||
| LOK | |0 939 |a 04-04-16 |b l01 | ||
| ORI | |a SA-MARC-ixtheoa001.raw | ||
| REL | |a 1 | ||
| STA | 0 | 0 | |a Christianity,Christian world view,World view,Christian ideology,Dialogue,Dialogue,Dialogue,Dialog,Dialogue,Pluralism,Plurality,Pluralism,Theology,Theology |
| STB | 0 | 0 | |a Christianisme,Christianisme,Dialogue,Dialogue,Dialogue,Dialogue,Pluralisme,Pluralisme (philosophie),Multipartisme,Théologie,Théologie |
| STC | 0 | 0 | |a Cristianismo,Cristianismo,Cristiandad,Cristiandad,Cristiandad (Motivo),Cristiandad,Diálogo,Diálogo,Diálogo,Diálogo,Pluralismo,Teología,Teología |
| STD | 0 | 0 | |a Cristianesimo,Cristianesimo,Dialogo,Dialogo,Dialogo,Dialogo,Pluralismo,Teologia,Teologia |
| STE | 0 | 0 | |a 基督教,基督教,基督教世界观,多元论,对话,对话,神学家 |
| STF | 0 | 0 | |a 基督教,基督教,基督教世界觀,多元論,對話,對話,神學家 |
| STG | 0 | 0 | |a Cristianismo,Cristianismo,Cristandade,Cristandade,Cristandade (Motivo),Cristandade,Diálogo,Diálogo,Diálogo,Diálogo,Pluralismo,Teologia,Teologia |
| STH | 0 | 0 | |a Богословие (мотив),Богословие,Диалог (мотив),Диалог (музыка),Диалог (литературный жанр),Диалог,Плюрализм,Христианство (мотив),Христианство |
| STI | 0 | 0 | |a Διάλογος (μοτίβο),Διάλογος (μουσική),Διάλογος (λογοτεχνικό είδος),Διάλογος,Θεολογία (μοτίβο),Θεολογία,Πλουραλισμός,Χριστιανισμός (μοτίβο),Χριστιανισμός |
| SUB | |a REL | ||
| SYE | 0 | 0 | |a Pluralität , Mittelstandskongress,Kongress für den Mittelstand,Dialogue , Dialogliteratur,Zwiegespräch,Dialoge,Dialogue,Wechselrede , Christianity,Christliche Mission,Missionierung,Christenheit,Christianitas,Christliche Religion,Christliche Weltanschauung , Christliche Theologie |